00297nam a2200097Ia 4500008004100000020001800041100001800059245007000077260003400147300001800181200626s9999 xx 000 0 und d a971-11-0792-9 aDewey, Melvil cMelvil Dewey.--aDewey decimal classification and relative index/ aNew York:bForest Pressc1989 axx, 944 pages